000 00852nab a2200253 u 4500
001 19510
003 HDC
007 cr bn ---aaaaa
008 210301c |r|noo 0 a d
040 _aHDC
100 _aGoh, Bernard,
_eauthor
_917941
245 0 _aCONFECTIONERY FLASHPOINT: OF HALAL AND HARAM /
_cby Bernard Goh
260 _a[No place] :
_b[publisher not identified],
_c2017
336 _atext
_2rdacontent
337 _acomputer
_2rdamedia
338 _aonline resource
_2rdacarrier
650 _aFast-food restaurant
_99924
650 _aHalal certificate
_9482
710 _aTHE BORNEO POST
856 _zRequest full-text at [email protected]
942 _2lcc
942 _cNEWS
942 _kNWSO 009739
999 _c16826
_d16826